| 000 | 00671nam a2200217 i 4500 | ||
|---|---|---|---|
| 001 | bg | ||
| 100 | 1 | _aGOLDBERG, Adele | |
| 245 | 0 |
_aSmalltalk-80 : _bthe language and its implementation / _cAdele Goldberg, David Robson. |
|
| 260 |
_aReading, Massachusetts : _bAddison-Wesley Publ. Co, _c1985. |
||
| 300 |
_aXX, 714 s. : _brys., wykr. ; _c24 cm. |
||
| 490 | 1 | _aAddison-Wesley Series in Computer Science | |
| 700 | 1 | _aROBSON, David | |
| 830 | _aAddison-Wesley Series in Computer Science | ||
| 020 | _a0201113716 | ||
| 040 | _cBPK | ||
| 041 | _apol | ||
| 080 | _a681.322.06 | ||
| 920 | _a0-201-11371-6 | ||
| 942 | _cKS | ||
| 008 | s pl f |000 0 pol | ||
| 999 |
_c23884 _d23884 |
||
| 856 |
_uhttp://koha.tu.koszalin.pl/cgi-bin/koha/opac-detail.pl?biblionumber=23884 _yKatalog online BPK |
||